00430nam a2200121Ia 450000500170000000800410001710000330005824501570009125000110024826000290025930000110028865000090029920260328101521.0260328s9999||||xx |||||||||||||| ||und|| aChávez Giraldo, Juan David 0aHabitarte :b La Mirada Crítica Desde el Espacio escultórico Contemporáneo hacua la Arquitectura doméstica Actual /cJuan David Chávez Giraldo a1a ed. bUniversidad de Antioquia a141 p. aARTE